| 000 | 00810nam a2200253 a 4500 | ||
|---|---|---|---|
| 008 | |||
| 020 | _a0201187604 (cased) | ||
| 049 | _aMAIN | ||
| 090 |
_aQA76.76.O63 _bSIL |
||
| 100 | 1 | _aSilberschatz, Abraham. | |
| 245 | 1 | 0 |
_aOperating system concepts / _cAbraham Silberschatz, James L. Peterson. |
| 260 |
_aReading, Mass. : _bAddison-Wesley, _c1988. |
||
| 300 |
_axiii, 573 p. : _bill. ; _c25 cm. |
||
| 440 | _aAddison-Wesley series in computer science. | ||
| 504 | _aIncludes bibliographical references. | ||
| 500 | _aIncludes index. | ||
| 650 | 0 | _aOperating systems (Computers). | |
| 700 | 1 | _aPeterson, James Lyle. | |
| 907 |
_a.b10043937 _b22-11-12 _c17-04-03 |
||
| 003 | |||
| 005 | 20230123133634.0 | ||
| 040 | _cNUST | ||
| 942 |
_cBOOKS _kQA76.76.O63 _mSIL |
||
| 999 |
_c152071 _d152071 |
||